A working plan for the second 30-year rotation of the Matang Mangrove Forest Reserve Perak : The first 10-year period, 1980-1989

Bibliographic Details
Main Author: HARON Haji Abu Hassan
Corporate Author: Perak
Format: Book
Published: Perak : State Forestry Department , 1981
Edition:Rev. ed.
Subjects:

MARC

LEADER 00000cam a2200000 7i4500
001 0000000428
005 20011207.0
090 0 0 |a 634.9209595114   |b HAR 1981 
100 0 0 |a HARON Haji Abu Hassan 
245 1 2 |a A working plan for the second 30-year rotation of the Matang Mangrove Forest Reserve Perak :   |b The first 10-year period, 1980-1989   |c revised by Haron Haji Abu Hassan 
250 0 0 |a Rev. ed. 
260 0 0 |a Perak :   |b State Forestry Department ,   |c 1981 
300 |a xv, 109 p. :   |b col. plates ;   |c 25 cm. 
650 0 0 |a Forest reserves   |z Perak   |z Matang 
650 0 0 |a Forests and forestry   |z Perak   |z Matang 
650 0 0 |a Mangrove swamps   |z Perak   |z Matang 
651 0 0 |a Hutan Simpan Paya Bakau Matang 
710 1 1 |a Perak ,   |c State Forestry Department 
998 |a JPSM 
999 |a 0000001556   |b Monograph   |c Open Shelf   |e Default branch 
999 |a 0000001557   |b Monograph   |c Reference   |e Default branch 
999 |a 0000001647   |b Monograph   |c Open Shelf   |e Default branch 
999 |a 0000001875   |b Monograph   |c Open Shelf   |e Default branch 
999 |a 0000002395   |b Monograph   |c Open Shelf   |e Default branch 
999 |a 0000002556   |b Monograph   |c Open Shelf   |e Default branch 
999 |a 0000002834   |b Monograph   |c Open Shelf   |e Default branch 
999 |a 0000003380   |b Monograph   |c Open Shelf   |e Default branch